新MIC計画 : 革新と創造の経営

সংরক্ষণ করুন:
গ্রন্থ-পঞ্জীর বিবরন
সংস্থা লেখক: 日本能率協会
বিন্যাস: গ্রন্থ
ভাষা:Undetermined
প্রকাশিত: 東京 日本能率協会 1971
বিষয়গুলি:
ট্যাগগুলো: ট্যাগ যুক্ত করুন
কোনো ট্যাগ নেই, প্রথমজন হিসাবে ট্যাগ করুন!
Thư viện lưu trữ: Trung tâm Học liệu Trường Đại học Cần Thơ
LEADER 00518nam a2200193Ia 4500
001 CTU_94139
008 210402s9999 xx 000 0 und d
082 |a 658.02 
082 |b N691 
110 |a 日本能率協会 
245 0 |a 新MIC計画 : 革新と創造の経営 
245 0 |c 日本能率協会 
260 |a 東京 
260 |b 日本能率協会 
260 |c 1971 
650 |a Business Enterprises 
650 |x Management 
904 |i Ngoc 
980 |a Trung tâm Học liệu Trường Đại học Cần Thơ